00709nam a2200241 a 4500001001300000003000900013005001700022008004100039020002300080082001500103100001800118245006500136260002500201300001000226500003500236505001300271650001700284700001800301902000800319942000700327952011600334999001700450nice12345678IN_TiNIC20260116014045.0050101s2003 lona grp 000 0 eng  a9781844130429c39500a291.4bBRU aBrunton, Paul aHermit in the Himalayasb The Classic Work of Mystical Quest aLondonbRider c2003 a187p  aincludes index and biblioraphy2 aEpilogue aSpirituality1 aBrunton, Paul bSRS cBK 001040708StackRoom-aHMIbHMId2005-01-01g395.00l0o291.4 BRUp024613r2005-01-01v395.00w2005-01-01yBK c13685d13685